Score 0/16 Timer 02:00
3 Plays Today
Clue 4-Letter Word % Correct
Patrick's color★PINK★
97.1%
Patrick's home
or a stone
★ROCK★
96.1%
What Patrick's furniture is made of,
or grit on the ocean floor
★SAND★
90.9%
Harry Potter's weaponWAND
89.3%
Choose or selectPICK
88.6%
Transmit a text messageSEND
88.5%
A kitchen water basinSINK
86.7%
Patrick: 'My name's not ____!'
or Casablanca's café owner
★RICK★
85.6%
Clue 4-Letter Word % Correct
It grows into a plantSEED
84.1%
Moving airWIND
83.9%
Patrick's last name
or Alpha Centauri, e.g.
★STAR★
83.4%
Discover while looking for somethingFIND
83.1%
Huckleberry created by Mark TwainFINN
81.2%
Cook the outside of a steak in a hot panSEAR
71.3%
An Irish political party: ____ FeinSINN
68.4%
One with a crystal ballSEER
68%

Today's Daily Dose

Missing Word
Train Books

Word Ladder
Piano Man

Quick Pick
Google Products

Get the Picture
Moana or Coco

Remove Ads.
Support Sporcle.
Get the best of Sporcle when you Go Orange. This ad-free experience offers more features, more stats, and more fun while also helping to support Sporcle. Thank you for becoming a member.

You're not logged in!

Compare scores with friends on all Sporcle quizzes.
OR
Log In

Show Comments

Extras

Top Quizzes Today


Score Distribution

Your Account Isn't Verified!

In order to create a playlist on Sporcle, you need to verify the email address you used during registration. Go to your Sporcle Settings to finish the process.

Report this User

Report this user for behavior that violates our Community Guidelines.

Details: